Vida amorosa de los pueblos naturales (Record no. 146941)

MARC details
000 -LEADER
campo de control de longitud fija 00615nam a2200181 i 4500
001 - NÚMERO DE CONTROL
campo de control 146941
003 - IDENTIFICADOR DE NÚMERO DE CONTROL
campo de control ES-MaACL
005 - FECHA Y HORA DE LA ÚLTIMA TRANSACCIÓN
campo de control 20230906201735.0
007 - CAMPO FIJO DE DESCRIPCIÓN FÍSICA--INFORMACIÓN GENERAL
campo de control de longitud fija t|
008 - DATOS DE LONGITUD FIJA--INFORMACIÓN GENERAL
campo de control de longitud fija 070919s1963 sp ||||1| spa d
100 1# - ENTRADA PRINCIPAL--NOMBRE DE PERSONA
Nombre de persona Tuellmann, Adolf.
9 (RLIN) 111641
245 10 - MENCIÓN DEL TÍTULO
Título Vida amorosa de los pueblos naturales
Resto del título : (el amor en los pueblos primitivos) /
Mención de responsabilidad, etc. Adolf Tuellmann ; [versión castellana de Juan Godó Costa].
250 ## - MENCION DE EDICION
Mención de edición [1ª ed. española].
260 ## - PUBLICACIÓN, DISTRIBUCIÓN, ETC.
Lugar de publicación, distribución, etc. Barcelona :
Nombre del editor, distribuidor, etc. Ediciones Corona,
Fecha de publicación, distribución, etc. 1963.
300 ## - DESCRIPCIÓN FÍSICA
Extensión 356 p. :
Otras características físicas il. ;
Dimensiones 24 cm.
700 1# - ENTRADA AGREGADA--NOMBRE PERSONAL
Nombre de persona Godo Costa, Juan.
9 (RLIN) 57532
852 ## - LOCALIZACIÓN
Ubicación ES-MaACL
Número de control de estantería C-24791
Sublocalización o colección R.53485
Holdings
Estatus retirado Estado de pérdida Estado de daño No para préstamo Biblioteca de origen Biblioteca actual Ubicación en estantería Fecha de adquisición Fuente de adquisición Total de préstamos Signatura topográfica completa Código de barras Visto por última vez Precio de reemplazo Tipo de ítem Koha
        Biblioteca del Ateneo de Madrid Biblioteca del Ateneo de Madrid Depósito 2 17/01/2008     C-24791 1153353 23/02/2023 23/02/2023 Libro impreso